000 00680nam a2200253 i 4500
001 C2-0234167
003 PPAK
005 20180727194707.0
008 010704s1999 my a|||| ||||| | eng d
020 _a9830412288
040 _aPPAK
_beng
_cPPAK
_erda
082 0 4 _a428.6
_223
090 0 0 _a428.6
_bLIT
_dK
245 0 0 _aLittle bear's problem
264 1 _aKuala Lumpur :
_bPenerbitan Hasrat Pelajar ,
_c1999
300 _a[15 pages] :
_bcolour illustrations ;
_c26 cm
336 _2rdacontent
_atext
337 _2rdamedia
_aunmediated
338 _2rdacarrier
_avolume
490 1 _aRainbow readers
650 1 0 _aReaders
830 0 _aRainbow readers
942 _ddc
_cB
999 _c50477
_d50477